Повелитель мух | Чрезвычайный посол (Запись № 692920)

Подробности
000 -МАРКЕР
контрольное поле 01597nam0a2200313 4500
001 - ИДЕНТИФИКАТОР ЗАПИСИ
контрольное поле RU\NLR\bibl\426793
005 - ИДЕНТИФИКАТОР ВЕРСИИ
контрольное поле 20260406163600.0
010 ## - МЕЖДУНАРОДНЫЙ СТАНДАРТНЫЙ НОМЕР КНИГИ (ISBN)
Номер (ISBN) 5-94643-016-5
Уточнения Пушк. б-ка
010 ## - МЕЖДУНАРОДНЫЙ СТАНДАРТНЫЙ НОМЕР КНИГИ (ISBN)
Номер (ISBN) 5-17-017766-6
Уточнения АСТ
Тираж 8000
021 ## - НОМЕР ГОСУДАРСТВЕННОЙ РЕГИСТРАЦИИ
Код страны российская федерация
Номер 2003-38795
Номер Листа государственной регистраци 1847
035 ## - ДРУГИЕ СИСТЕМНЫЕ НОМЕРА
Идентификатор записи (NLR Aleph) 000420676
100 ## - ДАННЫЕ ОБЩЕЙ ОБРАБОТКИ
Данные общей обработки 20030807d2003 |||y0rusy50 ca
101 1# - ЯЗЫК РЕСУРСА
Язык текста, звукозаписи и т.д. русский
Язык оригинала английский
102 ## - СТРАНА ПУБЛИКАЦИИ ИЛИ ПРОИЗВОДСТВА
Страна публикации российская федерация
105 ## - ПОЛЕ КОДИРОВАННЫХ ДАННЫХ: ТЕКСТОВЫЕ МАТЕРИАЛЫ, МОНОГРАФИЧЕСКИЕ
Кодированные данные о монографическом текстовом документе y |||||||||
200 1# - ЗАГЛАВИЕ И СВЕДЕНИЯ ОБ ОТВЕТСТВЕННОСТИ
Основное заглавие Повелитель мух
-- Чрезвычайный посол
Сведения, относящиеся к заглавию [Повести]
Первые сведения об ответственности Уильям Голдинг
Последующие сведения об ответственности [Пер. с англ. Е. Суриц, Ю. Здоровова
-- Вступ. ст. и прим. А.А. Чамеева]
210 ## - ПУБЛИКАЦИЯ, РАСПРОСТРАНЕНИЕ И ДР.
Место издания, распространения и т.д. М.
Имя издателя, распространителя и т. д. АСТ
-- Пушк. б-ка
Дата издания, распространения и т.д. 2003
215 ## - ФИЗИЧЕСКАЯ ХАРАКТЕРИСТИКА
Специфическое обозначение материала и объем 714, [2] с.
Размеры 22
225 1# - СЕРИЯ
Основное заглавие серии Золотой фонд мировой классики
Сведения об ответственности Сост. К.Н. Атарова, А.Я. Ливергант
-- Редкол.: Аверинцев С.С. и др.]
423 #0 - ИЗДАЕТСЯ В ОДНОЙ ОБЛОЖКЕ ВМЕСТЕ С ...
Встроенное поле 2001#$aЧерный принц$e[Роман]$fАйрис Мердок$g[Пер. с англ. И. Бернштейн, А. Поливановой]
-- 210##$aМ.$d2003
-- 215##$aС. 365-698
-- 700#1$aМердок$bА.$f1919-1999$gАйрис$4070$3RU\NLR\auth\7710522
Заглавие Черный принц
Автор Мердок, Айрис (1919-1999)
686 ## - ИНДЕКСЫ ДРУГИХ КЛАССИФИКАЦИЙ
Индекс Ш6(4Вл)67-440.4я43{Лх1299-50сб}
700 #1 - ИМЯ ЛИЦА - ПЕРВИЧНАЯ ОТВЕТСТВЕННОСТЬ
Код отношения Автор
Материалы, к которым относится поле rus
Графика поля Кириллица
Начальный элемент ввода Голдинг
Часть имени, кроме начального элемента ввода У.
Даты 1911-1993
Расширение инициалов личного имени Уильям
Идентификатор авторитетной/нормативной записи RU\NLR\auth\7710256
Системный номер авторитетной/нормативной записи 120035
801 #0 - ИСТОЧНИК ЗАПИСИ
Страна российская федерация
Организация NLR
Дата составления 20030807
Правила каталогизации PSBO
801 #1 - ИСТОЧНИК ЗАПИСИ
Страна российская федерация
Организация NLR
Дата составления 20030807
942 ## - ДОПОЛНИТЕЛЬНЫЕ ЭЛЕМЕНТЫ ЗАПИСИ (АБИС)
Тип экземпляра АБИС Книга
980 ## - КОЛЛЕКЦИЯ
Название коллекции Национальная библиография
Экземпляры
Тип экземпляра Дата поступления Источник поступления Библиотека постоянного хранения Библиотека текущего хранения Место хранения Шифр хранения Штрих-код Статус не для выдачи Стоимость
Книга 07.08.2003 Обязательный экземпляр РНБ (Московский) РНБ (Московский) Русский книжный фонд: издания с 1957 года, 3этаж 2003-5/5165 530387    
Книга 07.08.2003 Обязательный экземпляр РНБ (Московский) РНБ (Московский) Русский книжный фонд: издания с 1957 года, 3этаж 2003-5/5165 530389    
Книга 08.01.2004 Покупка РНБ (Московский) РНБ (Московский) Обменный фонд   614737   163.00